| 000 | 00366pab a2200145 454500 | ||
|---|---|---|---|
| 008 | 180718b2017 xxu||||| |||| 00| 0 eng d | ||
| 100 | _aSunil Kumar | ||
| 245 | _aSankalp se sidhhi: resolve to build a new India | ||
| 260 | _c2017 | ||
| 300 | _ap.56-58. | ||
| 362 | _aSep | ||
| 650 | _aEconomic and social development | ||
| 773 | _aKurukshetra | ||
| 909 | _a115970 | ||
| 999 |
_c115964 _d115964 |
||